Cryogenic heat transfer / (Record no. 364)
[ view plain ]
| 000 -LEADER | |
|---|---|
| fixed length control field | 00550 a2200181 4500 |
| 008 - FIXED-LENGTH DATA ELEMENTS--GENERAL INFORMATION | |
| fixed length control field | 220928b ||||| |||| 00| 0 eng d |
| 020 ## - INTERNATIONAL STANDARD BOOK NUMBER | |
| International Standard Book Number | 9781482227444 |
| 082 00 - DEWEY DECIMAL CLASSIFICATION NUMBER | |
| Classification number | 621.56 |
| Item number | B2771 |
| 100 ## - MAIN ENTRY--PERSONAL NAME | |
| Personal name | Barron, Randall F. |
| 245 ## - TITLE STATEMENT | |
| Title | Cryogenic heat transfer / |
| 250 ## - EDITION STATEMENT | |
| Edition statement | 2nd ed. |
| 260 ## - PUBLICATION, DISTRIBUTION, ETC. (IMPRINT) | |
| Name of publisher, distributor, etc | CRC Press, |
| Place of publication, distribution, etc | New York: |
| Date of publication, distribution, etc | 2016. |
| 300 ## - PHYSICAL DESCRIPTION | |
| Extent | xxi; 682 p. |
| 490 0# - SERIES STATEMENT | |
| Series statement | Series in Chemical and Mechanical Engineering |
| 650 #0 - SUBJECT ADDED ENTRY--TOPICAL TERM | |
| Topical term or geographic name as entry element | Cryogenic Heat Transfer |
| 700 ## - ADDED ENTRY--PERSONAL NAME | |
| 9 (RLIN) | 5248 |
| Personal name | Nellis, Gregory F. |
| 942 ## - ADDED ENTRY ELEMENTS (KOHA) | |
| Source of classification or shelving scheme | |
| Item type | Books |
| Withdrawn status | Lost status | Source of classification or shelving scheme | Damaged status | Not for loan | Permanent location | Current location | Date acquired | Source of acquisition | Cost, normal purchase price | Full call number | Barcode | Date last seen | Cost, replacement price | Koha item type | Total Checkouts | Date last borrowed |
|---|---|---|---|---|---|---|---|---|---|---|---|---|---|---|---|---|
| IMU Kolkata | IMU Kolkata | 2017-09-22 | Trio Enterprises | 7873.87 | 621.56 B2771 | 12859 | 2019-09-24 | 10860.52 | Books | |||||||
| IMU Kolkata | IMU Kolkata | 2017-09-22 | Trio Enterprises | 6655.85 | 621.56 B2771 | 12860 | 2019-10-14 | 10327.16 | Books | |||||||
| IMU Kolkata | IMU Kolkata | 2017-09-22 | Trio Enterprises | 6655.85 | 621.56 B2771 | 12861 | 2019-10-14 | 10327.16 | Books | |||||||
| IMU Kolkata | IMU Kolkata | 2017-09-22 | Trio Enterprises | 6333.58 | 621.56 B2771 | 12862 | 2019-10-21 | 9047.98 | Books | |||||||
| IMU Kolkata | IMU Kolkata | 2017-09-22 | Trio Enterprises | 6333.58 | 621.56 B2771 | 12863 | 2019-10-21 | 9047.98 | Books | |||||||
| IMU Kolkata | IMU Kolkata | 2017-09-22 | Trio Enterprises | 6333.58 | 621.56 B2771 | 12864 | 2025-05-06 | 9047.98 | Books | 1 | 2025-01-10 | |||||
| IMU Kolkata | IMU Kolkata | 2017-09-22 | Trio Enterprises | 6333.58 | 621.56 B2771 | 12865 | 2019-10-21 | 9047.98 | Books | |||||||
| IMU Kolkata | IMU Kolkata | 2017-04-19 | Apex Book Services | 6333.58 | 621.56 B2771 | 12379 | 2019-10-21 | 9047.98 | Books | |||||||
| IMU Kolkata | IMU Kolkata | 2017-04-19 | Apex Book Services | 6333.58 | 621.56 B2771 | 12380 | 2024-03-11 | 9047.98 | Books | 2 | 2024-02-09 | |||||
| IMU Kolkata | IMU Kolkata | 2017-03-03 | Shankars Book Agency | 6333.58 | 621.56 B2771 | 11975 | 2019-10-21 | 9047.98 | Books |